00373nam a2200145Ia 4500082001700000100002500017245003400042260003600076300001000112504001900122650002200141650001600163650002800179700002000207 a303.34 ELW-; aElwell, Elizabeth A. 0aLeadership: a new perspective aNew DelhibR&K Publishingc1974 a139p. aIncludes Index aSocial psychology aSocial role aLeadership - Philosophy aMalik, Leela G.